Statistiken für Städte in den Vereinigten Staaten nach Bild

Klicken Sie hier um das Quiz zu spielen!

Allgemein

  • Dieses Quiz wurde 80 mal gespielt
    (38 seit der letzten Aktualisierung)
  • Das Durchschnittsergebnis liegt bei 12 aus 20

Antwortstatistiken

Antwort% Korrekt
New York
97%
Washington
97%
Chicago
94%
Las Vegas
94%
Boston
85%
Seattle
82%
New Orleans
76%
San Francisco
76%
Los Angeles
73%
Miami
73%
Houston
70%
Detroit
55%
St Louis
48%
Phoenix
45%
Memphis
42%
Anchorage
36%
Charlotte
21%
Honolulu
21%
Tampa
15%
Columbus
9%

Verteilung der Resultate

Perzentil nach korrekt beantworteten Fragen

Anzahl Personen mit jedem Resultat

Ihre Resultats-Entwicklung

Sie haben dieses Quiz seit der letzten Aktualisierung nicht gespielt